000 00932nas a2200289 4500
001 BR0900645
003 BR-BrBNA
005 20231205113110.0
007 ta
008 230509b bl.|||p| |||| 00| 00por d
040 _aBR-BrBNA
_bpor
_cBiblioteca Nacional de Agricultura
041 _a(Pt)
072 _aL02
100 1 _aZangeronimo, M.G.
100 1 _aFialho, E.T.
100 1 _aMurgas, L.D.S.
100 1 _aFreitas, R.T.F. de
100 1 _aRodrigues, P.B.
245 1 _aDesempenho e excreção de nitrogênio de leitões dos 9 aos 25 Kg alimentados com dietas com níveis de lisina digestível e protéina bruta
650 _aAMINOÁCIDO
650 _aNUTRIÇÃO ANIMAL
650 _aSUÍNO
650 _aPROTEÍNA
773 0 _tRevista Brasileira de Zootecnia (Brazil)
_xISSN 1516-3598
_g(Sep-Oct 2007), v. 36(5) p. 1382-1387
_wBR0900645
909 _a202311
_bLúcia
_c55
_dLúcia Elande
942 _2AGRIS
_n0
_cANA
999 _c201832
_d201832